| 000 | 00479nam a2200169Ia 4500 | ||
|---|---|---|---|
| 999 |
_c12372 _d12372 |
||
| 003 | OSt | ||
| 005 | 20201005145742.0 | ||
| 008 | 190216s9999||||xx |||||||||||||| ||und|| | ||
| 040 | _coclc | ||
| 082 |
_a812.59 _bONE/L |
||
| 100 |
_aOneill, Eugene _94663 |
||
| 245 | 4 |
_aThe Long Voyage Home / _cEugene oneill |
|
| 260 |
_bThe Modern Library, _c1946. _aCanada: |
||
| 300 | _a218p | ||
| 650 | _aEnglish Drama | ||
| 942 |
_cBK _2ddc _h812.59 _iONE/L _k812.59 _mONE/L |
||